00725nac a22001811u 4500010001600000020001500016082002000031090001500051100003400066245012200100260004000222300002100262504006400283650004400347942002200391999001500413952011500428 a 97035029 a039304574900a338.0973bL5671 c2102d2102 aLester, Richard K. 14aThe productive edge :bhow U.S. industries are pointing the way to a new era of economic growth /cRichard K. Lester. aNew York :bW.W. Norton,1998c1998. a368 p. ;c25 cm. aIncludes bibliographical references (p. 341-357) and index. 0aIndustrial productivityzUnited States. cBBk338.0973L5671 c2102d2102 00104070aMAINbMAINc1STd2011-02-07ePurchasel0o338.0973 LESp000002252r2025-07-15 00:00:00v145.20yBB